Claro que sí!: an integrated skills approach. Instructor's resource manual

Uloženo v:
Podrobná bibliografie
Hlavní autoři: Caycedo Garner, Lucía (Autor), Rusch, Debbie (Autor), Domínguez, Marcela (Autor)
Médium: Kniha
Jazyk:španělština
angličtina
Vydáno: Dallas Houghton Mifflin Company 1993
Vydání:2a. ed
Témata:
Tagy: Přidat tag
Žádné tagy, Buďte první, kdo vytvoří štítek k tomuto záznamu!

MARC

LEADER 00000cam a2200000 a 4500
001 UCG9440
003 CL-VaPUC
008 120316e19930000US |||||||||||||||||spa|d
020 |a 0395639913 
041 0 7 |a spa  |2 CL-VaPUC 
041 0 7 |a eng  |2 CL-VaPUC 
082 0 4 |a 401.93  |b CAY  |2 21 
100 0 |a Caycedo Garner, Lucía  |e author  |9 561034 
700 0 |a Rusch, Debbie  |e author  |9 561035 
700 0 |a Domínguez, Marcela  |e author  |9 561036 
245 1 0 |a Claro que sí!: an integrated skills approach. Instructor's resource manual 
250 |a 2a. ed 
300 |a 312 p 
942 |c BK 
945 |d 20120316 00:00:00  |a dcastane 
260 |a Dallas  |b Houghton Mifflin Company  |c 1993 
650 0 |a Adquisición del lenguaje   |9 309032 
650 0 |a Métodos de enseñanza  |9 270413 
650 0 |a Educación lingüística  |9 306506 
650 0 |a Enseñanza del español  |9 339826 
583 |a last modification  |c 20120316 11:38:00  |k Rodrigo Vera 
999 |c 346994  |d 346992 
952 |0 0  |1 0  |4 0  |6 401_930000000000000_CAY_1993  |7 0  |8 A  |9 448049  |a BIBEDU  |b BIBEDU  |d 2019-11-22  |i 4842294  |o 401.93 CAY 1993  |p 4842294  |r 2019-11-22  |w 2019-11-22  |y BK  |k LIT